Normal view
MARC view
Entry Personal Name
001 - CONTROL NUMBER
- control field: 30149
003 - CONTROL NUMBER IDENTIFIER
- control field: dpl
005 - DATE AND TIME OF LATEST TRANSACTION
- control field: 20110727120727.0
008 - FIXED-LENGTH DATA ELEMENTS
- fixed length control field: 110727|||a|||||| | ||| d
040 ## - CATALOGING SOURCE
- Original cataloging agency: dpl
- Transcribing agency: dpl
100 ## - HEADING--PERSONAL NAME
- Personal name: Davell, E.B.
670 ## - SOURCE DATA FOUND
- Source citation: Work cat.: (dpl)54062: Davell, E.B., Himalayas in Indian Art /, 2000
670 ## - SOURCE DATA FOUND
- Source citation: Work cat.: (dpl)54062: Davell, E.B., Himalayas in Indian Art /, 2000
